Statistics for JetPunk True or False

Click here to take the quiz!

General Stats

  • This quiz has been taken 18 times
  • The average score is 11 of 15

Answer Stats

QuestionAnswer% Correct
Part of JetPunk’s revenue helps plant treesTrue
100%
JetPunk’s only featured languages are English and SpanishFalse
94%
The JetPunk Countries of the World quiz has 196 countriesTrue
94%
JetPunk has minigamesTrue
89%
Over 500 million quizzes have been takenTrue
89%
JetPunk has a blog sectionTrue
83%
The most popular quiz is about the United StatesFalse
78%
JetPunk premium costs 15 dollarsFalse
72%
According to JetPunk, Cyprus is in EuropeFalse
67%
Sporcle, another quiz website, is owned by JetPunkFalse
61%
You can’t comment until you reach level 15True
56%
The mascot of JetPunk is a clownfishFalse
50%
Quizmaster used to be a user, until the owner of JetPunk made him an adminFalse
50%
JetPunk was created in 2014False
44%
JetPunk was originally a travel websiteTrue
44%

Score Distribution

Percentile by Number Answered

Percent of People with Each Score

Your Score History

You have not taken this quiz